| 000 | 01191nam a2200349 i 4500 | ||
|---|---|---|---|
| 001 | 195539 | ||
| 003 | SpMaBN | ||
| 005 | 20241010184104.0 | ||
| 007 | ta | ||
| 008 | 240621s1978 sp a spa | ||
| 016 | 7 |
_abimoBNE19982590781 _zIND9200432791 _2SpMaBN |
|
| 017 |
_aM 1076-1978 _bOficina Depósito Legal Madrid |
||
| 035 | _a(OCoLC)432020688 | ||
| 035 | _abimo0001011615 | ||
| 040 |
_aSpMaBN _bspa _cA2 _dES-MaACL |
||
| 080 | _a860-1"19" | ||
| 100 | 0 |
_aIglesias, José María, _d1933-2005 _0XX1039395 _965082 |
|
| 245 | 1 | 0 |
_aDe palabras parecidas y otros estigmas / _cJosé María Iglesias. |
| 260 |
_a[Madrid : _bFernando Nuño], _cD.L. 1978. |
||
| 300 |
_a29 p., _bil. ; _c30 cm |
||
| 336 |
_2rdacontent _atexto |
||
| 337 |
_2rdamedia _asin mediación |
||
| 338 |
_2rdacarrier _avolumen |
||
| 650 | 7 |
_9141381 _aPoesía visual |
|
| 655 | 7 |
_2tgfbne _9176539 _aPoesías |
|
| 852 |
_aES-MaACL _cDEPOF _jFOLL-BUE-2 _hLegado: Antonio Buero Vallejo _9203740 |
||
| 903 |
_932421 _aBuero Vallejo, Antonio, _q1 _d1916-2000 _ednr |
||
| 942 |
_n0 _cFOLLETOS |
||
| 999 |
_c195539 _d195539 |
||